000 00651cam a22002293a 4500
001 32477
003 PGUSA
005 20140828083713.0
008 100522s2010||||xxu|||||s|||||000 p eng d
040 _aPGUSA
_beng
042 _adc
050 4 _aPR
100 1 _aGosse, Edmund,
_d1849-1928
245 1 4 _aThe Future of English Poetry
_h[electronic resource] /
_cEdmund Gosse
260 _bProject Gutenberg,
_c2010
506 _aPublic domain in the USA.
516 _aElectronic text
653 _aEnglish poetry -- History and criticism
830 0 _aProject Gutenberg
_v32477
856 4 0 _uhttp://www.gutenberg.org/ebooks/32477
942 _cEB
999 _c261732
_d261732